<?xml version="1.0" encoding="UTF-8"?>
<record
    xmlns:xsi="http://www.w3.org/2001/XMLSchema-instance"
    xsi:schemaLocation="http://www.loc.gov/MARC21/slim http://www.loc.gov/standards/marcxml/schema/MARC21slim.xsd"
    xmlns="http://www.loc.gov/MARC21/slim">

  <leader>01294njm a22002537a 4500</leader>
  <controlfield tag="005">20100907133445.0</controlfield>
  <controlfield tag="007">sd ammalaaahaa</controlfield>
  <controlfield tag="008">100907t        xxu||||| |||| 00| 0 hin d</controlfield>
  <datafield tag="028" ind1=" " ind2=" ">
    <subfield code="a">N. 53903</subfield>
    <subfield code="b">His Master Voice</subfield>
  </datafield>
  <datafield tag="035" ind1=" " ind2=" ">
    <subfield code="a">GR-00963</subfield>
  </datafield>
  <datafield tag="040" ind1=" " ind2=" ">
    <subfield code="a">SED/VEN</subfield>
  </datafield>
  <datafield tag="100" ind1=" " ind2=" ">
    <subfield code="a">Bhosle, Asha</subfield>
    <subfield code="9">1184</subfield>
  </datafield>
  <datafield tag="245" ind1=" " ind2=" ">
    <subfield code="a">Dharm putra :</subfield>
    <subfield code="b">Hindustani /</subfield>
    <subfield code="c">by Asha Bhosle ; music by N. Dutta ; lyric by Sahir Ludhianvi</subfield>
    <subfield code="h">[sound recording] :</subfield>
  </datafield>
  <datafield tag="246" ind1=" " ind2=" ">
    <subfield code="a">&#x927;&#x930;&#x94D;&#x92E; &#x92A;&#x941;&#x924;&#x94D;&#x930; (&#x906;&#x936;&#x93E; &#x92D;&#x94B;&#x938;&#x932;&#x947; )</subfield>
  </datafield>
  <datafield tag="260" ind1=" " ind2=" ">
    <subfield code="a">Dum Dum India</subfield>
    <subfield code="b">His Master Voice</subfield>
  </datafield>
  <datafield tag="300" ind1=" " ind2=" ">
    <subfield code="a">1 sound disc [Gramophone record] :</subfield>
    <subfield code="b">analog, 33 1/3 rpm</subfield>
    <subfield code="c">10 in.</subfield>
    <subfield code="f">Gramophone Record</subfield>
  </datafield>
  <datafield tag="500" ind1=" " ind2=" ">
    <subfield code="a">Brief Record</subfield>
  </datafield>
  <datafield tag="505" ind1=" " ind2=" ">
    <subfield code="a">Naina kyoun bhar aaye part 1 (Dharm putra) (Asha Bhosle) &#x928;&#x948;&#x928;&#x93E; &#x915;&#x94D;&#x92F;&#x94B;&#x901; &#x92D;&#x930; &#x906;&#x92F;&#x947; &#x92A;&#x93E;&#x930;&#x94D;&#x91F; 1 (&#x927;&#x930;&#x94D;&#x92E; &#x92A;&#x941;&#x924;&#x94D;&#x930; ) (&#x906;&#x936;&#x93E; &#x92D;&#x94B;&#x938;&#x932;&#x947; ) Tumhari ankhen part 2 (Dharm putra) (Mahendra Kapoor) &#x924;&#x941;&#x92E;&#x94D;&#x939;&#x93E;&#x930;&#x940; &#x911;&#x902;&#x916;&#x947;&#x902;  &#x92A;&#x93E;&#x930;&#x94D;&#x91F; &#x968; (&#x927;&#x930;&#x94D;&#x92E; &#x92A;&#x941;&#x924;&#x94D;&#x930; ) (&#x92E;&#x939;&#x947;&#x902;&#x926;&#x94D;&#x930; &#x915;&#x92A;&#x942;&#x930; )</subfield>
  </datafield>
  <datafield tag="650" ind1=" " ind2=" ">
    <subfield code="a">Classical Music</subfield>
    <subfield code="x">Excerpts</subfield>
    <subfield code="z">India</subfield>
    <subfield code="9">18740</subfield>
  </datafield>
  <datafield tag="700" ind1=" " ind2=" ">
    <subfield code="a">Dutta, N.</subfield>
    <subfield code="9">18741</subfield>
  </datafield>
  <datafield tag="700" ind1=" " ind2=" ">
    <subfield code="a">Sahir Ludhianvi</subfield>
    <subfield code="9">18742</subfield>
  </datafield>
  <datafield tag="942" ind1=" " ind2=" ">
    <subfield code="2">ddc</subfield>
    <subfield code="c">BN</subfield>
  </datafield>
  <datafield tag="999" ind1=" " ind2=" ">
    <subfield code="c">44245</subfield>
    <subfield code="d">44245</subfield>
  </datafield>
  <datafield tag="952" ind1=" " ind2=" ">
    <subfield code="0">0</subfield>
    <subfield code="1">0</subfield>
    <subfield code="2">ddc</subfield>
    <subfield code="4">0</subfield>
    <subfield code="7">1</subfield>
    <subfield code="8">NFIC</subfield>
    <subfield code="a">L</subfield>
    <subfield code="b">L</subfield>
    <subfield code="d">2010-09-07</subfield>
    <subfield code="e">SED/VEN</subfield>
    <subfield code="l">0</subfield>
    <subfield code="p">GR-00963</subfield>
    <subfield code="r">2010-09-07 00:00:00</subfield>
    <subfield code="t">1</subfield>
    <subfield code="w">2010-09-07</subfield>
    <subfield code="y">GR</subfield>
  </datafield>
</record>
